| 000 | 01334ngm a22003730a 4500 | ||
|---|---|---|---|
| 001 | PT27564 | ||
| 003 | AR-LpoUNG | ||
| 005 | 20210202000410.0 | ||
| 007 | vd cvaizq | ||
| 008 | 191001s1933||||||||||||||||||||||||ger d | ||
| 040 |
_aAR-LpoUNG _bspa _cAR-LpoUNG _eaacr |
||
| 041 | _ager | ||
| 044 | _a||| | ||
| 082 | 0 | _a320.53 516mor | |
| 100 | 1 |
_aSewell, Vernon _edir. |
|
| 245 | 1 | 0 | _aMorgenrot = Crepúsculo rojo |
| 260 |
_as.l. : _bs.n., _c1933. |
||
| 300 | _aDVD (75 min.) : son., byn | ||
| 505 | 0 | _aDiálogos en alemán. Sin subtítulos. Grabada en formato avi. | |
| 520 | _aDrama bélico. Aunque rodada antes de la llegada al poder de Hitler, este película no escapo a la censura de la época. A pesar de los recortes políticos y del uso de la misma como elemento de propaganda, es una historia muy realista. Rodada usando sumergibles, destructores, y buques alemanes reales. Exaltación nacionalista de un combatiente alemán de la primera guerra, considerado el primer film del partido nazi. | ||
| 650 | 4 | _aACTIVIDAD MILITAR | |
| 650 | 4 | _aALEMANIA | |
| 650 | 4 | _aDRAMA | |
| 650 | 4 | _aGUERRA | |
| 651 | 4 | _aDinamarca | |
| 653 | _aBELICO | ||
| 653 | _aCINE Y TOTALITARISMO | ||
| 653 | _aDVD | ||
| 653 | _aNAZISMO | ||
| 653 | _aVIDEOS | ||
| 700 | 1 |
_aUciky, Gustav _edir. |
|
| 905 | _a27564 | ||
| 942 | _cDVD | ||
| 999 |
_c54792 _d54792 |
||